000 00576nam a2200205Ia 4500
005 20250508162627.0
008 008 250505s9999 xx 000 0 eng d
037 _aTextual
040 _aFEDL
_beng
_cFEDL
041 _aeng
_2eng
084 _a370, GHO
_qFEDL
100 _aGhosh Ratna Ed.
_9773624
245 0 _aEducation and the process of change
260 _aNew Delhi, India
_bSage Publications
_c1987
300 _a301p.
650 _aEducation
700 _a Zachariah Mathew Ed.
_9773625
942 _cTEXL
_h370, GHO
999 _c1377715
_d1377715